Revisiting Migrant Networks (Record no. 24360)

MARC details
000 -LEADER
fixed length control field 00969nam a2200121Ia 4500
008 - FIXED-LENGTH DATA ELEMENTS--GENERAL INFORMATION
fixed length control field 220620s9999||||xx |||||||||||||| ||und||
245 #0 - TITLE STATEMENT
Title Revisiting Migrant Networks
Remainder of title Migrants and their Descendants in Labour Markets
546 ## - LANGUAGE NOTE
Language note English[eng]
650 ## - SUBJECT ADDED ENTRY--TOPICAL TERM
Topical term or geographic name entry element Role of migrants networks in accessing jobs||Second generation social networks||Second generation access to labor market||Turkish Second generation social ties||Revisiting Granovetter||Migrant networks in the UK, France, Germany, Sweden||Migration and intergenerational social ties||Migrants and second generation social capital||Migration and integration||Migrants and access to the labor market||Social capital reliance||Trajectories of immigrants||Ethnic minorities and access to work||Networks in migration processes||Transnational career moves
700 ## - ADDED ENTRY--PERSONAL NAME
Personal name Keskiner, Elif||Eve, Michael||Ryan, Louise
856 ## - ELECTRONIC LOCATION AND ACCESS
Uniform Resource Identifier <a href="https://library.oapen.org/bitstream/20.500.12657/54023/1/978-3-030-94972-3.pdf">https://library.oapen.org/bitstream/20.500.12657/54023/1/978-3-030-94972-3.pdf</a>
942 ## - ADDED ENTRY ELEMENTS (KOHA)
Koha item type E-Books
Holdings
Withdrawn status Lost status Damaged status Not for loan Home library Current library Date acquired Total Checkouts Date last seen Price effective from Koha item type
        Kerala University of Digital Sciences, Innovation and Technology Knowledge Centre Kerala University of Digital Sciences, Innovation and Technology Knowledge Centre 20/06/2022   20/06/2022 20/06/2022 E-Books